| 000 | 00446nam a2200157Ia 4500 | ||
|---|---|---|---|
| 008 | 240729s9999 xx 000 0 und d | ||
| 022 | _a1864-3361 | ||
| 245 | 0 | _aSurvey Research Methods | |
| 260 | _aUnited Kingdom | ||
| 260 | _bEuropean Survey Research Association | ||
| 650 | _a Social sciences (General) | ||
| 650 | _aSocial Sciences | ||
| 856 | _uhttps://doaj.org/toc/7bbd3dd3a6044c4e843c69d7d558adb0 | ||
| 942 | _2ddc | ||
| 942 | _cDOAJEJ | ||
| 999 |
_c68069 _d68069 |
||
| 945 |
_a1 _bMadushi Gamage _c1 _dMadushi Gamage |
||